The Planning and Compulsory Purchase Bill : what could it mean for the private sector? (Record no. 72747)
[ view plain ]
| 000 -LEADER | |
|---|---|
| fixed length control field | 01187cam a2200217 4500 |
| 001 - CONTROL NUMBER | |
| control field | X122391 |
| 008 - FIXED-LENGTH DATA ELEMENTS--GENERAL INFORMATION | |
| fixed length control field | 030523n2003 000 0 eng u |
| 035 ## - SYSTEM CONTROL NUMBER | |
| System control number | (Sirsi) u122391 |
| 100 ## - MAIN ENTRY--PERSONAL NAME | |
| Personal name | Brooke-Smith, L. |
| 245 #4 - TITLE STATEMENT | |
| Title | The Planning and Compulsory Purchase Bill : what could it mean for the private sector? |
| 260 ## - PUBLICATION, DISTRIBUTION, ETC. | |
| Date of publication, distribution, etc. | 2003 |
| 490 ## - SERIES STATEMENT | |
| Series statement | RICS West Midlands News |
| Volume/sequential designation | 29 April 2003 (2) |
| 520 ## - SUMMARY, ETC. | |
| Summary, etc. | Expresses concern that whilst the changes to the planning system outlined in the Planning and Compulsory Purchase Bill may be welcomed by the public sector, they may prove less popular with the private sector. Highlights the arguments for and against the key features of the Bill as they will affect the development control process, regional planning and compulsory purchase. The author, an RICS spokesperson on planning matters, concludes that the Bill is unlikely to reduce red tape as promised in the Planning Green Paper. |
| 650 ## - SUBJECT ADDED ENTRY--TOPICAL TERM | |
| Topical term or geographic name entry element | Compulsory purchase |
| 9 (RLIN) | 6228 |
| 650 ## - SUBJECT ADDED ENTRY--TOPICAL TERM | |
| Topical term or geographic name entry element | DEVELOPMENT CONTROL |
| 650 ## - SUBJECT ADDED ENTRY--TOPICAL TERM | |
| Topical term or geographic name entry element | LOCAL DEVELOPMENT PLANS |
| 650 ## - SUBJECT ADDED ENTRY--TOPICAL TERM | |
| Topical term or geographic name entry element | PLANNING AND COMPULSORY PURCHASE ACT 2004 |
| 650 ## - SUBJECT ADDED ENTRY--TOPICAL TERM | |
| Topical term or geographic name entry element | PLANNING GREEN PAPER |
| 690 ## - LOCAL SUBJECT ADDED ENTRY--TOPICAL TERM (OCLC, RLIN) | |
| Topical term or geographic name as entry element | PLANNING-PLANNING LAW |
| 942 ## - ADDED ENTRY ELEMENTS (KOHA) | |
| Suppress in OPAC | 0 |
| Withdrawn status | Lost status | Source of classification or shelving scheme | Damaged status | Not for loan | Home library | Current library | Shelving location | Date acquired | Total Checkouts | Full call number | Barcode | Date last seen | Copy number | Price effective from | Koha item type |
|---|---|---|---|---|---|---|---|---|---|---|---|---|---|---|---|
| Dewey Decimal Classification | Virtual | Virtual | Online | 23/05/2003 | X122391 | 122391-1001 | 06/08/2019 | 1 | 06/08/2019 | Journal article |